000 00407nam a2200157 i 4500
001 bg
100 1 _aBIEŃKOWSKI, Janusz
245 0 _aModernizacja gospodarki magazynowej /
_cJ. Bieńkowski, Z.M. Skowroński.
260 _aPoznań,
_c1975.
700 1 _aSKOWROŃSKI, Zbigniew Maciej
040 _cBPK
041 _apol
080 _a658.78
942 _cKS
008 s pl f |000 0 pol
999 _c16703
_d16703
856 _uhttp://koha.tu.koszalin.pl/cgi-bin/koha/opac-detail.pl?biblionumber=16703
_yKatalog online BPK